000 00587nam a2200229Ia 4500
003 OSt
005 20220924144545.0
006 a|||||r|||| 00| 0
007 ta
008 220923b |||||||| |||| 00| 0 urd d
024 _a315710
037 _cTextual
040 _aARTS
_cARTS
_burd
041 _2urd
_aurd
082 _aO168,1NSB1,1, M3
100 _aShadan Barah Bankavi
_9217888
245 0 _aLafzon ke chhirag
260 _c1983
650 _aURDU POETRY
942 _hO168,1NSB1,1, M3
_cTEXL
_2CC
999 _c457453
_d457453